| 000 | 00803nam a22002297a 4500 | ||
|---|---|---|---|
| 999 |
_c14089 _d14089 |
||
| 003 | AR-CdUCM | ||
| 008 | 190422b ||||| |||| 00| 0 spa d | ||
| 040 |
_aMUNICIPALIDAD PROVINCIAL DEL CUSCO _cBIBLIOTECA MUNICIPAL DEL CUSCO |
||
| 082 |
_a927.2 / _bB72 |
||
| 100 |
_aBolaños, Cesar _932757 |
||
| 245 | _aTiempo y Obra de Cesar Bolaños / | ||
| 260 |
_aLima : _bCentro cultural de España en Lima, _c2009. |
||
| 300 |
_a229 paginas ; _bilustraciones, _c23 cm. |
||
| 505 | _aContenido: Luces y sombras -- intensidad y altura -- el lenguaje musical -- viaje al origen de los sonidos... | ||
| 650 |
_aVida _9884 |
||
| 650 |
_aHistoria _9136 |
||
| 650 |
_aBiografia _9437 |
||
| 700 |
_aValcarcel, Edgar _932758 |
||
| 700 |
_aAlvarado, Luis _932759 |
||
| 942 |
_2ddc _cLIBROS |
||
| 945 |
_apjha _d2019-04-22 |
||